Определение дозовых нагрузок при работе с нейтронным источником; Интеллектуальные энергосистемы; Т. 3

Dades bibliogràfiques
Parent link:Интеллектуальные энергосистемы: труды V Международного молодёжного форума, 9-13 октября 2017 г., г. Томск/ Национальный исследовательский Томский политехнический университет (ТПУ), Энергетический институт (ЭНИН).— , 2017
Т. 3.— 2017.— [С. 203-204]
Autor principal: Туркасов В. А.
Autor corporatiu: Национальный исследовательский Томский политехнический университет (ТПУ) Физико-технический институт (ФТИ) Кафедра физико-энергетических установок (№ 21) (ФЭУ)
Altres autors: Чурсин С. С. Станислав Сергеевич (научный руководитель)
Sumari:Заглавие с титульного экрана
Idioma:rus
Publicat: 2017
Col·lecció:Мой первый шаг в науку (для школьников)
Matèries:
Accés en línia:http://earchive.tpu.ru/handle/11683/45970
Format: Electrònic Capítol de llibre
KOHA link:https://koha.lib.tpu.ru/cgi-bin/koha/opac-detail.pl?biblionumber=625788

MARC

LEADER 00000naa2a2200000 4500
001 625788
005 20231101133359.0
035 |a (RuTPU)RU\TPU\conf\25048 
035 |a RU\TPU\conf\25046 
090 |a 625788 
100 |a 20171220d2017 k y0rusy50 ca 
101 0 |a rus 
102 |a RU 
105 |a y z 101zy 
135 |a drgn ---uucaa 
181 0 |a i  
182 0 |a b 
200 1 |a Определение дозовых нагрузок при работе с нейтронным источником  |f В. А. Туркасов  |g науч. рук. С. С. Чурсин 
203 |a Текст  |c электронный 
225 1 |a Мой первый шаг в науку (для школьников) 
230 |a 1 компьютерный файл (pdf; 197 Kb) 
300 |a Заглавие с титульного экрана 
320 |a [Библиогр.: с. 204 (2 назв.)] 
461 1 |0 (RuTPU)RU\TPU\conf\24578  |t Интеллектуальные энергосистемы  |o труды V Международного молодёжного форума, 9-13 октября 2017 г., г. Томск  |o в 3 т.  |f Национальный исследовательский Томский политехнический университет (ТПУ), Энергетический институт (ЭНИН)  |d 2017 
463 1 |0 (RuTPU)RU\TPU\conf\24584  |t Т. 3  |v [С. 203-204]  |d 2017 
610 1 |a электронный ресурс 
610 1 |a труды учёных ТПУ 
610 1 |a дозовые нагрузки 
610 1 |a нейтронные источники 
610 1 |a ядерные технологии 
610 1 |a радиационная безопасность 
610 1 |a программное обеспечение 
700 1 |a Туркасов  |b В. А. 
702 1 |a Чурсин  |b С. С.  |c физик-ядерщик  |c лаборант Томского политехнического университета  |f 1991-  |g Станислав Сергеевич  |2 stltpush  |4 727 
712 0 2 |a Национальный исследовательский Томский политехнический университет (ТПУ)  |b Физико-технический институт (ФТИ)  |b Кафедра физико-энергетических установок (№ 21) (ФЭУ)  |h 48  |2 stltpush  |3 (RuTPU)RU\TPU\col\18730 
801 2 |a RU  |b 63413507  |c 20180119  |g RCR 
856 4 |u http://earchive.tpu.ru/handle/11683/45970 
942 |c BK